Appellations - Vins de Bourgogne - Statistiques

Statistiques générales
  • Ce quiz a été pris 1 592 fois
  • Le résultat moyen est 25 sur 88
Statistiques - réponses
Sous-région Appellations % Correct
Chablisien Chablis
78%
Mâconnais Mâcon
60%
Côte de Beaune Meursault
57%
Côte de Beaune Beaune
56%
Côte de Nuits La Romanée
54%
Côte de Nuits Gevrey-chambertin
53%
Côte de Nuits Nuits-saint-georges
51%
Côte de Beaune Pommard
51%
Côte de Nuits Vosne-romanée
49%
Appellations régionales de Bourgogne Bourgogne
47%
Côte Chalonnaise Mercurey
47%
Côte de Beaune Corton
46%
Chablisien Petit-chablis
44%
Mâconnais Pouilly-fuissé
44%
Côte de Beaune Puligny-montrachet
44%
Côte de Beaune Chassagne-montrachet
43%
Côte Chalonnaise Rully
43%
Côte Chalonnaise Givry
42%
Côte de Nuits Romanée-conti
42%
Côte de Beaune Montrachet
41%
Côte de Nuits Marsannay
40%
Côte de Beaune Aloxe-corton
39%
Côte de Beaune Corton-charlemagne
38%
Côte de Beaune Volnay
38%
Chablisien Chablis grand cru
37%
Côte de Nuits Fixin
37%
Côte de Beaune Bâtard-montrachet
36%
Côte de Nuits Chambolle-musigny
35%
Côte de Nuits Vougeot
35%
Côte de Nuits Chambertin
33%
Côte de Nuits La Tâche
33%
Côte de Beaune Savigny-lès-beaune
33%
Côte de Beaune Côte-de-beaune
31%
Chablisien Irancy
31%
Côte de Nuits Morey-saint-denis
30%
Mâconnais Saint-véran
30%
Côte de Beaune Santenay
30%
Côte de Beaune Saint-aubin
29%
Côte Chalonnaise Bouzeron
28%
Côte de Nuits Échézeaux
28%
Côte de Beaune Saint-romain
28%
Chablisien Chablis premier cru
27%
Côte de Beaune Ladoix
27%
Côte Chalonnaise Montagny
27%
Côte de Beaune Pernand-vergelesse
26%
Côte de Beaune Auxey-duresses
24%
Appellations régionales de Bourgogne Bourgogne-aligoté
24%
Côte de Beaune Chorey-lès-beaune
24%
Côte de Beaune Maranges
24%
Mâconnais Viré-clessé
24%
Appellations régionales de Bourgogne Crémant-de-bourgogne
23%
Mâconnais Pouilly-loché
23%
Côte de Beaune Chevalier-montrachet
22%
Côte de Nuits Clos-de-vougeot
22%
Côte de Nuits Musigny
22%
Chablisien Saint-bris
22%
Côte de Beaune Côte-de-beaune-villages
21%
Mâconnais Pouilly-vinzelles
21%
Côte de Nuits Romanée-saint-vivant
21%
Mâconnais Mâcon-villages
20%
Côte de Beaune Monthélie
20%
Côte de Nuits Grands-échézeaux
19%
Côte de Nuits Richebourg
19%
Côte de Beaune Bienvenues-bâtard-montrachet
18%
Côte de Nuits Côte-de-nuits-villages
18%
Côte de Nuits Charmes-chambertin
16%
Côte de Nuits La Grande-rue
16%
Appellations régionales de Bourgogne Bourgogne-hautes-côtes-de-beaune
15%
Côte de Nuits Clos-de-tart
15%
Côte de Beaune Criots-bâtard-montrachet
15%
Appellations régionales de Bourgogne Bourgogne-passetoutgrain
14%
Appellations régionales de Bourgogne Bourgogne-hautes-côtes-de-nuits
13%
Côte de Nuits Chambertin-clos-de-bèze
12%
Côte de Nuits Clos-de-la-roche
12%
Côte de Beaune Blagny
11%
Côte de Nuits Bonnes-mares
11%
Côte de Nuits Chapelle-chambertin
11%
Côte de Nuits Clos-des-lambrays
11%
Côte de Nuits Clos-saint-denis
11%
Chablisien Vezelay
11%
Côte Chalonnaise Bourgogne-côte-chalonnaise
10%
Côte de Nuits Griotte-chambertin
10%
Côte de Nuits Latricières-chambertin
10%
Côte de Nuits Mazis-chambertin
10%
Côte de Nuits Ruchottes-chambertin
10%
Côte de Nuits Mazoyères-chambertin
8%
Mâconnais Mâcon supérieur
6%
Appellations régionales de Bourgogne Côteaux bourgignons
5%
Aucun quiz correspondant
Distribution des résultats
% des personnes avec chaque résultat
Percentile par nombre de réponses
Votre historique - résultats
Vous n’avez pas pris ce quiz